| 000 | 00669nam a2200229Ia 4500 | ||
|---|---|---|---|
| 001 | 9269 | ||
| 003 | GE_BSU | ||
| 008 | 181216s||||||||xx |||||||||||||| ||und|| | ||
| 040 | _cGE_BSU | ||
| 080 | _a821.353.1–31 | ||
| 100 | _aლორია,პარმენ | ||
| 245 | _aჩაი | ||
| 245 | _bრომანი სამ ნაწილად | ||
| 245 | _cრედ.ალ.ჩავლეიშვილი | ||
| 260 | _aბათუმი | ||
| 260 | _bაჭარის ასსრ სახელგამი | ||
| 260 | _c1948 | ||
| 300 | _a404გვ.20სმ. | ||
| 653 | _aმოთხრობები | ||
| 653 | _aჩაი | ||
| 942 | _cBK | ||
| 999 |
_c42570 _d42570 |
||